| 000 | 00670nam a22002297a 4500 | ||
|---|---|---|---|
| 003 | UA-OsUOA | ||
| 001 | 122174 | ||
| 007 | ta | ||
| 008 | 20170421b un ||||| |||| 00| 0 ukr d | ||
| 090 |
_a343.341 _bБ83 |
||
| 942 | _cBK | ||
| 040 |
_aUA-OsUOA _bukr _cUA-OsUOA _dUA-OsUOA |
||
| 245 |
_aБоротьба з міжнародним тероризмом _bнормативна база _cупор. В. А. Ліпкан |
||
| 300 | _a248 с. | ||
| 955 | _a1 | ||
| 041 | _aukr | ||
| 080 | _a343.341 | ||
| 020 | _a966-373-176-1 | ||
| 260 |
_aК. _bКНТ _c2007 |
||
| 650 | 7 |
_a343 Кримінальне право. Карні порушення _2UDC |
|
| 999 |
_c408358 _d408358 |
||